[Event "Biel"]
[Site "46"]
[Date "2013.07.30"]
[Round "8"]
[White "Rapport, Richard"]
[Black "Ding, Liren"]
[Result "0-1"]
[WhiteElo "2693"]
[BlackElo "2714"]
[Annotator "JvR"]
[PlyCount "118"]
[EventDate "2013.07.22"]
[SourceDate "2013.10.27"]

1. d4 Nf6 2. c4 g6 3. Nc3 Bg7 4. e4 d6 5. Nge2 O-O 6. Ng3 Nbd7 7. Be2 h5 8. h4
a6 9. Bg5 c5 10. d5 b5 11. b3 $6 ({Known is} 11. cxb5 axb5 12. Bxb5) 11... Nh7
$1 12. Bd2 b4 13. Na4 Bxa1 {Black gains an exchange.} 14. Qxa1 e5 15. Bh6 $1
Re8 16. f4 {White charges.} Ra7 $1 17. f5 Kh8 18. Qc1 Rg8 19. Bg5 Nxg5 20. hxg5
Kg7 $1 21. Qe3 $6 (21. Bxh5 $1 gxh5 22. Nxh5+ Kf8 23. g6 Ke8 24. Qh6 Nf6 25.
Ng7+ Ke7 26. Nh5 Ke8 27. Ng7+ {draws (Ding).}) 21... Rh8 22. Bxh5 $5 gxh5 23.
Nxh5+ Kf8 24. g6 fxg6 25. fxg6 Kg8 $1 26. Qf3 Qe7 27. g4 Rh6 $1 28. Nb6 $2 ({
Better is} 28. Qf5 $1 Rc7 29. Kd2) 28... Nxb6 29. Nf6+ Qxf6 $1 30. Qxf6 Rxh1+
31. Kf2 Bxg4 {Black has four pieces for a queen.} 32. Qxd6 Nc8 33. Qd8+ Kg7 34.
Qg5 Bd7 $6 (34... Rh6 $1 35. Qxg4 Nd6 $1 {wins for Black.}) 35. Qxe5+ Kxg6 36.
Qg3+ Kh7 37. Qf4 $1 Be8 38. Qf5+ Bg6 39. Qxc8 Rf7+ 40. Ke3 Re1+ 41. Kd2 Rxe4
42. Qxc5 Rff4 $1 43. d6 ({The pointe is} 43. Qxb4 Rf2+ 44. Kd3 Rc2 $1) 43...
Rd4+ 44. Ke3 Rfe4+ 45. Kf2 Rd2+ 46. Kf3 Red4 47. Qxb4 $5 Rxd6 $5 48. Qb8 Rf6+
49. Ke3 Rd3+ 50. Ke2 Re6+ 51. Kf2 Bh5 52. Kf1 Rf3+ 53. Kg2 Rg6+ 54. Kh2 Rf7 55.
Qe5 Rfg7 56. Qf5 Bg4 57. Qe4 Bd7 58. b4 Kh8 59. Qa8+ Rg8 {
Ding won an exciting game and took the lead.} 0-1

[Event "Biel"]
[Site "46"]
[Date "2013.07.31"]
[Round "9"]
[White "Moiseenko, Alexander"]
[Black "Vachier Lagrave, Maxime"]
[Result "1-0"]
[WhiteElo "2699"]
[BlackElo "2719"]
[Annotator "JvR"]
[PlyCount "81"]
[EventDate "2013.07.22"]
[SourceDate "2013.10.27"]

1. d4 Nf6 2. c4 g6 3. Nc3 d5 4. cxd5 Nxd5 5. e4 Nxc3 6. bxc3 Bg7 7. Qa4+ Qd7 8.
Qb3 O-O 9. Be3 b6 10. Nf3 Bb7 11. Bd3 c5 12. O-O cxd4 13. cxd4 Nc6 14. Bb5 $5 {
Moiseenko has prepared a novelty.} ({Usual is} 14. Rad1) 14... a6 15. Be2 b5
16. d5 Ne5 $2 (16... Na5 $5 17. Qb4 Bxa1 18. Rxa1 Nc4 {accepts the challenge.})
17. Nd4 Rfc8 18. a4 $1 Nc4 $1 19. axb5 axb5 20. Rxa8 Rxa8 21. Bxc4 bxc4 22.
Qxc4 {White has gained a pawn.} Rc8 23. Qa2 Bxd4 $5 24. Bxd4 e6 25. Ba1 $1 exd5
{Black regained the pawn, but he has a weakness on the kingside.} 26. Qb2 d4
27. f3 $1 Rd8 28. Qb6 Qe7 29. Rd1 f5 $6 (29... Rd6 30. Qb4 Rd7 31. Qb5 {
(Moiseenko)} d3 32. Rxd3 Rxd3 33. Qxd3 Qc5+ 34. Bd4 Qc1+ 35. Kf2 Ba6 36. Qxa6
Qd2+ 37. Qe2 Qxd4+ {prolongs the game.}) 30. exf5 Rd6 31. Qb3+ Bd5 32. Qb8+ Rd8
33. Qg3 Bf7 34. Qf2 $1 Bb3 $6 (34... gxf5 35. Bxd4 f4 {offers more resistance.}
) 35. Re1 Qd6 36. fxg6 hxg6 37. h3 Qf4 38. Re4 Qc1+ 39. Re1 Qf4 40. Bb2 d3 41.
Qb6 {Ding kept the lead.} 1-0

[Event "Biel"]
[Site "46"]
[Date "2013.08.01"]
[Round "10"]
[White "Vachier Lagrave, Maxime"]
[Black "Ding, Liren"]
[Result "1-0"]
[WhiteElo "2719"]
[BlackElo "2714"]
[Annotator "JvR"]
[PlyCount "149"]
[EventDate "2013.07.22"]
[SourceDate "2013.10.27"]

{Ding needs at least a draw for a victory in the tournament.} 1. c4 g6 2. e4
Bg7 3. d4 d6 4. Ne2 Nf6 5. Nec3 O-O 6. Be2 Nfd7 $5 {They open the game quietly.
} 7. d5 e6 $5 8. O-O exd5 9. cxd5 c6 $2 ({Better is} 9... Nc5 10. Be3 f5) 10.
Bf4 Be5 $5 11. Bxe5 dxe5 12. Na3 Nb6 13. Rc1 Qe7 14. Qd3 Rd8 15. Rfd1 Bd7 $5
16. Nc4 Nxc4 17. Qxc4 Be8 18. Qb3 $1 b6 19. a4 {
The attack in the queenside starts.} Qc7 20. a5 bxa5 21. Qa3 a6 $6 (21... Kg7
$5 {makes a waiting move.}) 22. Na4 Qb7 23. Nc5 Qb4 24. Qxb4 axb4 25. Nb7 $1
Rd7 26. Na5 $1 Rc7 27. d6 $5 Rc8 28. Nc4 Nd7 29. Bg4 Rd8 30. Bxd7 Bxd7 31. Nxe5
a5 $1 32. Rd4 b3 $1 33. Nxd7 $5 Rxd7 34. Rxc6 {White has gained a pawn.} Kg7 $5
35. Rb6 $5 a4 36. e5 $1 g5 $1 37. h4 $5 Ra5 $1 38. Re4 Kg6 $1 39. g4 h5 $1 40.
gxh5+ Kxh5 41. Rbb4 Rda7 42. Kg2 gxh4 43. Rxh4+ Kg6 44. Rhd4 Rd7 45. Rxa4 $6 (
45. f4 $1 a3 46. bxa3 Rxa3 47. Rb8 {wins for White.}) 45... Rxe5 46. Rab4 Re6
47. Rb6 Kf5 48. Kf3 Kg5 49. Rd5+ Kf6 50. Rd4 Kg5 51. Rd3 Kf6 52. Rd5 Kg6 53.
Rd2 Kg7 $6 (53... Kf5 $1 54. Rb5+ Kf6 55. Rbd5 Re8 56. R2d3 Rb8 {
offers more resistance.}) 54. Kf4 Kg6 55. f3 Kf6 56. Rd5 Rd8 57. Rf5+ Kg6 58.
Rd5 Kf6 59. Rd3 Rd7 60. Kg4 Kg6 61. f4 $1 f5+ 62. Kf3 Rd8 63. Rd2 $1 Rd7 64.
Rd5 Rd8 65. Rbb5 $1 Rdxd6 66. Rxf5 Re1 67. Rg5+ Kf6 68. Rbf5+ Ke6 69. Re5+ $1
Rxe5 70. Rxe5+ Kf6 71. Ke3 $1 {The rook ending is won.} Rb6 $5 (71... Rd1 72.
Rb5 Rh1 73. Kd4 $1 Rh3 74. Kc4 Rf3 75. Rxb3 Rxf4+ 76. Kc5 {
leads to a theoretical win (Vachier Lagrave).}) 72. Kd3 Rd6+ 73. Kc3 Rd1 74.
Re4 Kf5 75. Rd4 {The final standings became: Bacrot, Vachier Lagrave, Ding
Liren and Moiseenko 14, Nepomniachtchi 10, Rapport 6. If the classical scores
would have been used, Bacrot had been the sole winner. Now, four men had to
carry out a play-off.} 1-0

[Event "Biel"]
[Site "46 Playoff 1a"]
[Date "2013.08.02"]
[Round "1.1"]
[White "Ding, Liren"]
[Black "Vachier Lagrave, Maxime"]
[Result "0-1"]
[WhiteElo "2714"]
[BlackElo "2719"]
[Annotator "JvR"]
[PlyCount "74"]
[EventDate "2013.08.02"]
[EventType "blitz"]
[SourceDate "2013.10.27"]

{The play-off was carried out on the day after the tenth round. Two blitz
games were played in each semi-final. Contemplation time was five minutes per
game plus two seconds per move.} 1. d4 Nf6 2. c4 g6 3. f3 Nc6 4. d5 Ne5 5. e4
d6 6. Nc3 Bg7 7. f4 Ned7 8. Nh3 e6 $5 ({Theory is} 8... O-O) 9. dxe6 fxe6 10.
Be3 O-O 11. Be2 b6 12. Nf2 Bb7 13. Qc2 a6 14. O-O-O Qe7 15. h4 Nh5 16. Bxh5
gxh5 17. Nh3 $6 Bxc3 $1 18. bxc3 Nf6 19. Nf2 d5 20. Bd4 c5 21. Be5 Nd7 22. Nd3
$2 Nxe5 23. Nxe5 Rxf4 24. exd5 exd5 25. Rhe1 Re4 $1 26. Rxe4 dxe4 27. Nd7 Rd8
28. Qd2 Kg7 29. Qg5+ $5 Qxg5+ 30. hxg5 e3 31. Nxb6 Rxd1+ 32. Kxd1 Bxg2 33. Ke2
Kg6 34. Kxe3 Kxg5 35. Nd7 h4 36. Nxc5 $2 (36. Kf2 $1 Bc6 37. Nxc5 Kg4 38. Nd3
$1 {defends properly.}) 36... Bc6 $2 (36... h3 $1 37. Kf2 Kh4 $1 {
wins for Black.}) 37. Nd3 $2 (37. Kf2 $1 {plays for a draw again.}) 37... h3 $1
{Vachier Lagrave also won the second game and qualified for the final.} 0-1

[Event "Biel"]
[Site "46 Playoff 1b"]
[Date "2013.08.02"]
[Round "1.1"]
[White "Moiseenko, Alexander"]
[Black "Bacrot, Etienne"]
[Result "1-0"]
[WhiteElo "2699"]
[BlackElo "2714"]
[Annotator "JvR"]
[PlyCount "125"]
[EventDate "2013.08.02"]
[EventType "blitz"]
[SourceDate "2013.10.27"]

1. d4 e6 2. c4 d5 3. Nc3 Nf6 4. Nf3 Be7 5. Bf4 O-O 6. a3 b6 7. e3 Bb7 8. Be2
dxc4 9. Bxc4 Nbd7 10. O-O c5 11. Qe2 $5 Rc8 12. Nb5 Bxf3 13. gxf3 $6 cxd4 $2
14. Nxa7 $1 Rc5 15. b4 Rf5 $6 16. Nc6 $1 Qe8 17. Nxd4 {White has gained a pawn.
} Rxf4 $5 (17... Rh5 {prolongs the game.}) 18. exf4 Nh5 19. Qe3 Bd6 20. Ne2 $2
(20. Nxe6 $1 fxe6 21. Qxe6+ Qxe6 22. Bxe6+ Kh8 23. Bxd7 {
ends the confrontation.}) 20... Qb8 $1 {
Hereafter, Black delivers a lengthy resistance.} 21. Rfd1 Ndf6 22. Rd4 b5 23.
Bb3 Bc7 24. Qd2 e5 $5 25. Rd3 e4 $5 26. fxe4 Nxf4 27. Nxf4 Bxf4 28. Qe2 Bxh2+
29. Kf1 Qe5 30. Rad1 Qg5 31. Qf3 h5 32. Rd8 Bc7 33. Rxf8+ Kxf8 34. Qf5 Qg4 35.
Qxg4 hxg4 36. Bd5 Ke7 37. Rc1 Be5 38. Rc5 Bb2 39. Rxb5 Bxa3 40. Rb7+ Kd6 41. b5
Nd7 42. Bxf7 Bc5 43. Bd5 Bd4 44. Bc6 Nc5 45. Rf7 Nd3 46. Bd5 Kc5 47. Rc7+ Kb6
48. Rc6+ Kxb5 49. Rg6 Kc5 50. Rxg4 Kd6 51. f4 Ke7 52. e5 Kf8 53. Be4 Nc5 54.
Bf3 Nd3 55. Ke2 Nc5 56. Rh4 Ne6 57. Bd5 Nc5 58. Kf3 g5 59. Rh8+ Ke7 60. Rh7+
Kf8 61. e6 Bf6 62. Rf7+ Ke8 63. Rxf6 {
Moiseenko won the second game as well and qualified for the final.} 1-0

[Event "Biel"]
[Site "46 Playoff 2"]
[Date "2013.08.02"]
[Round "2.1"]
[White "Vachier Lagrave, Maxime"]
[Black "Moiseenko, Alexander"]
[Result "1-0"]
[WhiteElo "2719"]
[BlackElo "2699"]
[Annotator "JvR"]
[PlyCount "45"]
[EventDate "2013.08.02"]
[EventType "rapid"]
[SourceDate "2013.10.27"]

{The play-off was decided in a final of two rapid games. Contemplation time
was fifteen minutes per game plus ten seconds per move.} 1. e4 c5 2. Nf3 Nc6 3.
c3 d5 4. exd5 Qxd5 5. d4 Bf5 6. Be3 Nf6 7. Na3 cxd4 8. Bc4 Qa5 $1 9. Nxd4 Nxd4
10. Bxd4 e5 11. Bb5+ Bd7 12. Bxd7+ Nxd7 13. Nc4 $1 {White has the initiative.}
Qd5 14. Qe2 Be7 $2 ({Better is} 14... f6 15. O-O Be7 {(Vachier Lagrave).}) 15.
Nxe5 Nxe5 16. Qxe5 Qxg2 17. Qb5+ $1 Kf8 18. O-O-O Qg5+ 19. Qxg5 Bxg5+ 20. Kc2
Be7 $6 21. Rhe1 f6 $2 (21... Rg8 22. Be3 b6 23. Rd7 Bf6 {
avoids an immediate loss.}) 22. Bxa7 $1 Rd8 ({The pointe is} 22... Rxa7 23. Rd7
$1) 23. Bc5 $1 {Vachier Lagrave won the first game.} 1-0

[Event "Biel"]
[Site "46 Playoff 2"]
[Date "2013.08.02"]
[Round "2.2"]
[White "Moiseenko, Alexander"]
[Black "Vachier Lagrave, Maxime"]
[Result "1/2-1/2"]
[WhiteElo "2699"]
[BlackElo "2719"]
[Annotator "JvR"]
[PlyCount "153"]
[EventDate "2013.08.02"]
[EventType "rapid"]
[SourceDate "2013.10.27"]

{Vachier Lagrave needs a draw.} 1. d4 Nf6 2. c4 g6 3. Nc3 d5 4. cxd5 Nxd5 5. e4
Nxc3 6. bxc3 c5 7. Bb5+ Nd7 8. Nf3 Bg7 9. O-O O-O 10. h3 b6 $5 (10... Qc7 {
happened in Eliskases - Taimanov, Buenos Aires 1954.}) 11. Qe2 Bb7 12. Bg5 h6
13. Bh4 cxd4 14. cxd4 Nf6 15. d5 a6 16. Ba4 Nh5 17. Rad1 Qd6 $5 18. e5 $1 Qc5
19. Bb3 $5 Rac8 20. Qe4 $5 e6 $1 21. g4 g5 22. gxh5 gxh4 23. Qg4 Kh8 24. Kh2
Rg8 25. Qxh4 a5 26. Rc1 Qxc1 $5 27. Rxc1 Rxc1 {
Matter is unequal, but the chances are equal.} 28. Qf4 Rc3 29. Nd2 Rd3 30. Ne4
Rd4 $2 ({Right is} 30... Bxd5) 31. Qe3 $1 Bxe5+ 32. f4 $1 Rxe4 ({The pointe is
} 32... Bg7 $2 33. Nd6 Bxd5 34. Nxf7+ Kh7 35. Bc2+ {and mate in two.}) 33. Qxe4
{White has gained a decisive material advantage.} Bf6 34. Qe3 a4 $1 35. Bc4 $1
b5 $1 36. Qb6 bxc4 37. Qxb7 exd5 38. Qxf7 Bg7 39. Qxd5 c3 40. Qc4 a3 41. Kg3
Rd8 42. f5 Bf6 43. Kf3 Kg7 44. Qc7+ Kf8 45. Qc5+ Kg7 46. Qa7+ Kg8 47. Qxa3 Rd2
48. Qb3+ Kg7 49. Qb7+ Kf8 50. Qc8+ Kf7 51. Qc7+ Kf8 52. a4 $2 ({Better is} 52.
Qb6 Kf7 53. Qa7+ Kg8 54. Qe3 Kg7 55. a4 $1 Rd4 56. Qe8 {and White wins.}) 52...
c2 $1 {Black utilises his trump.} 53. Ke4 Bg5 $6 54. f6 $1 Bxf6 55. a5 $1 Ke8
56. a6 Bd4 57. Qc8+ Ke7 58. Qc7+ Ke8 59. Kf5 Rf2+ 60. Ke6 Re2+ 61. Kd5 $1 Ba7
$6 62. Qc6+ Ke7 63. Qb7+ $6 (63. Qxh6 {plays for a win.}) 63... Kf6 64. Qb2+
Kf7 65. h4 Bb6 66. Kd6 Re6+ 67. Kd7 Re7+ 68. Kd6 Re6+ 69. Kd5 Re2 70. Qa3 Re3
71. Qc1 $2 (71. Qa1 $1 {makes a last effort to win.}) 71... Rc3 $1 72. Qf4+ Kg8
73. Qb8+ Kf7 74. Qf4+ Kg8 75. Qb8+ Kf7 76. Qf4+ Kg8 77. Qb8+ {Moiseenko has to
deliver perpetual check. Vachier Lagrave had won the playoff and the
tournament.} 1/2-1/2

[Event "Biel"]
[Site "47"]
[Date "2014.07.14"]
[Round "1"]
[White "Hou, Yifan"]
[Black "Giri, Anish"]
[Result "1-0"]
[WhiteElo "2629"]
[BlackElo "2750"]
[Annotator "JvR"]
[PlyCount "55"]
[EventDate "2014.07.14"]
[SourceDate "2013.10.27"]

{The forty-seventh Schachfestival was played from 14 until 24 vii 2014. Again
six grandmasters carried out double rounds. We follow the decided games and
one draw.   The tournament was dedicated to the memory of the organiser Hans
Sori.} 1. e4 c5 2. Nf3 d6 3. Bb5+ Nd7 4. d4 cxd4 5. Qxd4 a6 6. Be2 Ngf6 7. O-O
e5 8. Qe3 d5 $6 ({The solid} 8... Nc5 {has been played before.}) 9. exd5 Bc5 $5
(9... Nxd5 10. Qe4 N5f6 11. Qh4 {favours White.}) 10. Qd2 O-O 11. c4 {
White supports the extra pawn.} e4 12. Nd4 Ne5 13. b4 Ba7 14. Nc3 Bg4 15. c5 a5
16. a3 Nxd5 $2 (16... Bb8 $1 17. Rb1 axb4 18. axb4 Nxd5 19. Nxe4 Bxe2 20. Qxe2
Re8 {leads to action by Black.}) 17. Nxe4 Bb8 18. f3 Nf4 19. Nd6 Bxd6 20. cxd6
Nxe2+ 21. Qxe2 Qxd6 22. Nb5 $1 Qf6 23. fxg4 Nf3+ 24. Qxf3 Qxa1 25. Be3 Qf6 26.
Qxf6 gxf6 27. Nc7 Rac8 28. Nd5 {
The Chinese female world champion defeated the Dutch talent.} 1-0

[Event "Biel"]
[Site "47"]
[Date "2014.07.14"]
[Round "1"]
[White "Motylev, Alexander"]
[Black "Wojtaszek, Radoslaw"]
[Result "0-1"]
[WhiteElo "2698"]
[BlackElo "2733"]
[Annotator "JvR"]
[PlyCount "80"]
[EventDate "2014.07.14"]
[SourceDate "2013.10.27"]

1. e4 c5 2. Nf3 d6 3. Bb5+ Bd7 4. Bxd7+ Qxd7 5. c4 Nf6 6. Nc3 g6 7. d4 cxd4 8.
Nxd4 Bg7 9. b3 Nc6 10. Bb2 Qg4 11. Qxg4 $5 ({The alternative is} 11. O-O Qxd1
12. Raxd1) 11... Nxg4 12. Nxc6 bxc6 13. h3 Ne5 14. O-O-O Nd7 15. f4 Rg8 $1 {
Black overprotects his bishop.} 16. g4 O-O-O 17. h4 $5 h6 18. g5 $2 Rh8 $2 (
18... Nc5 $1 19. Rh3 hxg5 20. hxg5 Rh8 $1 {favours Black.}) 19. e5 $2 {
White advances too quickly again.} dxe5 $6 ({Even stronger is} 19... hxg5 $1
20. hxg5 dxe5 21. Ne4 Rdg8 $1 {(Szabo).}) 20. Ne4 Rhg8 $5 21. Rhe1 $5 hxg5 22.
Nxg5 Nc5 $1 23. Nxf7 Nd3+ 24. Kb1 $5 Rd7 $1 25. fxe5 $2 (25. Re3 $1 Nxb2 26.
Rxd7 Kxd7 27. Nxe5+ Bxe5 28. fxe5 Nxc4 29. bxc4 {defends well.}) 25... Nxe1 26.
Rxe1 Rd2 $1 27. Ba3 Rf2 28. e6 Bf6 29. Rg1 $5 Re2 $1 30. h5 Rxe6 31. Bc5 Re2
32. hxg6 Rb2+ 33. Kc1 Rxa2 34. Rg4 Kd7 35. Be3 Rb8 $1 36. Bd4 Ke6 37. Bxf6 exf6
$1 38. Nh6 f5 $1 39. Rg3 f4 $1 40. Rf3 Rg2 {Black wins easily.} 0-1

[Event "Biel"]
[Site "47"]
[Date "2014.07.15"]
[Round "2"]
[White "Harikrishna, Penteala"]
[Black "Giri, Anish"]
[Result "1-0"]
[WhiteElo "2726"]
[BlackElo "2750"]
[Annotator "JvR"]
[PlyCount "81"]
[EventDate "2014.07.14"]
[SourceDate "2013.10.27"]

1. e4 e5 2. Nf3 Nc6 3. Bc4 Bc5 4. Nc3 Nf6 5. d3 d6 6. Bg5 h6 7. Bxf6 Qxf6 8.
Nd5 Qd8 9. c3 a6 10. d4 exd4 11. cxd4 Ba7 12. Rc1 O-O 13. Bxa6 Re8 14. O-O Rxe4
15. Bd3 Re8 {They play a quiet opening.} 16. Bb5 $5 Be6 17. Ne3 Bd7 18. Nd5 Be6
19. Ne3 Bd7 20. Bc4 $5 {Harikrishna continues.} Rf8 21. Re1 Ne7 22. Qd3 c6 23.
Bb3 b5 24. h3 Bb6 25. Bc2 f5 26. g4 $5 {He wants to attack.} g6 27. gxf5 Nxf5
28. Nxf5 gxf5 29. Bb3+ Kh7 30. Be6 Rf6 31. d5 $5 cxd5 $5 (31... c5 $1 32. Bxd7
Qxd7 33. Re6 Qg7+ {takes the initiative.}) 32. Bxd5 Rg6+ 33. Kh1 Rc8 34. Rxc8
Qxc8 35. Nd4 Qf8 36. Ne6 Qf6 37. Qf3 $1 Rg8 $6 (37... Ba5 38. Re2 Bxe6 39. Rxe6
Qg5 40. Rxg6 Kxg6 {keeps the equality (Tadic).}) 38. Nf4 Rc8 $2 ({Better is} 
38... Rg5 $1 39. a3 Bd4) 39. Qh5 Bd8 40. Rg1 $1 Be7 41. Rg6 $1 {
Giri lost again.} 1-0

[Event "Biel"]
[Site "47"]
[Date "2014.07.16"]
[Round "3"]
[White "Giri, Anish"]
[Black "Wojtaszek, Radoslaw"]
[Result "1-0"]
[WhiteElo "2750"]
[BlackElo "2733"]
[Annotator "JvR"]
[PlyCount "167"]
[EventDate "2014.07.14"]
[SourceDate "2013.10.27"]

1. e4 c5 2. Nf3 d6 3. d4 cxd4 4. Nxd4 Nf6 5. Nc3 a6 6. h3 e5 7. Nde2 h5 8. g3
Be6 9. Bg2 b5 10. O-O Nbd7 11. Be3 Nb6 12. b3 Be7 13. Qd2 $5 Qc7 14. a4 bxa4 $5
15. Nxa4 Nxa4 16. Rxa4 O-O 17. Rfa1 Rfc8 18. c4 Rcb8 19. R4a3 Nd7 $5 20. Nc3 $1
Qc8 21. Qd1 Nf6 22. Kh2 h4 $6 23. gxh4 $1 {White has gained an edge.} Nd7 24.
h5 Nc5 25. Na4 Nxa4 26. Rxa4 Rb7 27. Rc1 Rab8 28. Rc3 Rb4 $5 29. Rxb4 Rxb4 30.
f4 Kh7 $5 31. f5 $1 Bd7 32. h6 g6 33. Qd5 Qe8 34. fxg6+ fxg6 35. Qd2 Be6 36.
Rd3 Rb7 37. Qa5 Qc6 38. Qd2 Bf8 39. Bg5 Rf7 40. Qe1 Qb6 41. Be3 Qc7 42. Qg3 a5
43. Bd2 a4 $5 44. bxa4 $1 Qxc4 45. a5 Qa2 46. Qe3 d5 $5 47. exd5 $5 Bf5 $1 48.
Rb3 e4 $1 49. Qc3 Bd6+ 50. Kh1 e3 $5 51. Qxe3 Re7 $5 52. Qc3 Be5 53. Ra3 $5
Bxc3 54. Rxa2 Re2 $1 55. a6 Bxd2 56. Bf3 $1 Re1+ $5 57. Kg2 Be3 58. a7 Bxa7 59.
Rxa7+ Kxh6 {White has an extra pawn in the endgame.} 60. h4 Re3 61. Kf2 Rd3 62.
Rf7 Rd4 63. Kg3 Bc2 64. Rf4 Rd2 $2 ({Correct is} 64... Rd3 $1 65. Kf2 Rb3 66.
Rd4 Bf5 67. d6 Bd7 {and the passed pawn has been stopped.}) 65. Rb4 $1 Bd1 $2 (
65... Bf5 66. Kf4 Rf2 67. Rd4 Kg7 68. Kg3 Rf1 69. Rd1 Rxd1 70. Bxd1 {
leads to a battle in a bishop ending.}) 66. Be4 $1 g5 67. Rb6+ Kh5 68. Bg6+ $5
Kh6 69. Be4+ Kh5 70. hxg5 $1 Kxg5 71. Rg6+ Kh5 72. Kf4 Rf2+ 73. Ke5 Re2 74. Rc6
Ba4 75. Rc8 Kh6 76. Rc7 Be8 77. Rh7+ Kg5 78. Rg7+ Kh6 79. Rg3 Re1 80. d6 Kh5
81. Kf4 Kh6 82. Rg8 Ba4 $2 (82... Rd1 83. Ke5 Bd7 {offers more resistance.})
83. Rg6+ $1 Kh5 84. Re6 {White has a mating attack.} 1-0

[Event "Biel"]
[Site "47"]
[Date "2014.07.16"]
[Round "3"]
[White "Hou, Yifan"]
[Black "Vachier Lagrave, Maxime"]
[Result "0-1"]
[WhiteElo "2629"]
[BlackElo "2766"]
[Annotator "JvR"]
[PlyCount "126"]
[EventDate "2014.07.14"]
[SourceDate "2013.10.27"]

1. e4 c5 2. Nf3 d6 3. Bb5+ Nd7 4. O-O a6 5. Bd3 Ngf6 6. c3 b5 7. Bc2 Bb7 8. Re1
e6 9. d4 Be7 10. Nbd2 Qc7 11. Nf1 O-O $5 {
Black has a more pleasant position than in the Ruy Lopez.} 12. Ng3 Rfe8 13. h3
Rac8 14. Bd3 Bf8 15. Bd2 g6 16. Qe2 Bg7 17. a4 e5 $5 18. d5 $5 c4 19. Bc2 Nc5
20. Nh2 Rb8 21. Ra3 Bc8 22. axb5 axb5 23. Ng4 Bxg4 24. hxg4 Ra8 25. Rea1 Rxa3
26. Rxa3 Qb7 27. g5 Nfd7 28. Qd1 Ra8 29. Qa1 Rxa3 30. Qxa3 {
The chances are equal.} Bf8 31. Be3 Be7 32. Nf1 Bd8 33. Nd2 Bb6 34. Nb1 Bc7 35.
Nd2 Bb6 36. Nb1 Bc7 37. Nd2 Kg7 $5 {Black continues the game.} 38. g3 Bb6 39.
Nb1 Nd3 $1 40. Bxb6 Qxb6 41. Bxd3 cxd3 {He has a passed pawn.} 42. Nd2 $6 (42.
b4 $1 Qd8 43. Qa7 Qxg5 44. Qxd7 Qc1+ 45. Kg2 Qxb1 46. Qxd6 d2 47. Qxe5+ {
leads to perpetual check.}) 42... Qd8 $1 43. c4 $1 (43. Qxd6 $6 Qxg5 44. Nf3
Qc1+ 45. Kg2 Nf6 46. Qxe5 d2 47. Nxd2 Qxd2 {favours Black (Sagar Shah).}) 43...
Qxg5 44. Qxd3 b4 45. Nb3 h5 46. Kg2 h4 $1 47. Kh3 $2 (47. Qf3 $1 f5 48. exf5
gxf5 49. Kh3 hxg3 50. Qxg3 {fights for survival.}) 47... hxg3 48. fxg3 Qd8 $5 (
48... Qh5+ $1 49. Kg2 Nf6 {wins immediately.}) 49. Kg2 Qa8 50. Qc2 Qa7 51. Qd2
Nf6 52. Qe2 Qa2 53. Nc1 Qb1 54. Nd3 b3 $1 55. Nf2 Qc1 56. Kf3 Nh7 $1 57. Kg2
Ng5 58. g4 Kf6 $5 59. Qd3 $5 Qxb2 60. c5 dxc5 61. d6 Qd4 $1 62. d7 Qxd3 63.
Nxd3 Ke7 {Vachier Lagrave scored his first win. He took the lead at once.} 0-1

[Event "Biel"]
[Site "47"]
[Date "2014.07.16"]
[Round "3"]
[White "Motylev, Alexander"]
[Black "Harikrishna, Penteala"]
[Result "1-0"]
[WhiteElo "2698"]
[BlackElo "2726"]
[Annotator "JvR"]
[PlyCount "86"]
[EventDate "2014.07.14"]
[SourceDate "2013.10.27"]

1. e4 e5 2. Nf3 Nc6 3. Bb5 Nf6 4. O-O Nxe4 5. d4 Nd6 6. Bxc6 dxc6 7. dxe5 Nf5
8. Qxd8+ Kxd8 9. h3 Bd7 10. Rd1 Be7 11. c4 Kc8 12. Nc3 Nh4 $5 13. Nxh4 Bxh4 14.
b3 b6 15. Bb2 a5 16. a4 Bf5 17. Ne2 Kb7 18. g3 Be7 19. g4 Bc2 20. Rd7 Bc5 21.
Ba3 $1 Bxa3 22. Rxa3 Rhe8 $5 23. Rd2 Be4 24. f4 Rad8 25. Raa2 g5 $2 {
He tries to take advantage of a weakness.} ({Correct is} 25... c5) 26. Nc3 $1
Bd3 27. Ra1 $1 {The pin becomes strong.} Rd7 $2 ({Preferable is} 27... Re7 $5
28. Ne4 $1 Bxe4 29. Rxd8 gxf4 {and Black has counter-play.}) 28. Ne4 $1 Red8 (
28... Bxe4 29. Rxd7 gxf4 30. Rxf7 {loses extra material.}) 29. Nxg5 {
White has gained a pawn.} Kc8 30. Re1 b5 31. e6 fxe6 32. Nxe6 Re8 33. f5 bxc4
34. bxc4 Rd6 (34... Bxc4 35. Rxd7 Kxd7 36. Nc5+ Kd8 37. Nb7+ Kd7 38. Rxe8 Kxe8
39. Nxa5 {wins for White (Tadic).}) 35. Red1 Bxc4 36. Rxd6 cxd6 37. Rxd6 Bxe6
38. Rxc6+ Kd7 39. Rxe6 Rxe6 40. fxe6+ Kxe6 41. Kf2 Kd5 42. Ke3 Kc4 43. g5 Kd5 {
The extra pawn decides the game quickly.} 1-0

[Event "Biel"]
[Site "47"]
[Date "2014.07.17"]
[Round "4"]
[White "Giri, Anish"]
[Black "Motylev, Alexander"]
[Result "1-0"]
[WhiteElo "2750"]
[BlackElo "2698"]
[Annotator "JvR"]
[PlyCount "105"]
[EventDate "2014.07.14"]
[SourceDate "2013.10.27"]

1. d4 d5 2. c4 c6 3. Nf3 Nf6 4. e3 Bf5 5. Nc3 e6 6. Nh4 Bg6 7. Qb3 Qc7 8. Nxg6
hxg6 9. g3 Nbd7 10. Bg2 Be7 11. O-O O-O 12. cxd5 exd5 13. f3 b5 $5 (13... Qb6 {
drew in two games.}) 14. Ne2 Qb6 15. Kh1 c5 16. Qd1 $5 Rfe8 17. g4 Rad8 18. Bd2
$6 (18. g5 $1 {prevents the next move.}) 18... g5 $1 19. a4 b4 20. a5 Qb8 21.
dxc5 $5 Bxc5 22. Nd4 Ne5 23. b3 Rc8 24. Ra2 Nc6 25. Rc2 Nxa5 26. Qb1 Bb6 27.
Rxc8 Rxc8 28. Nf5 $1 Bc5 29. Qb2 Bf8 30. e4 $5 dxe4 31. Bxg5 exf3 32. Bxf3 Qb5
33. Rd1 Rd8 34. Rg1 Rd3 $6 (34... Qd3 $1 35. Qg2 $1 Qc3 $1 {keeps an advantage.
}) 35. Qe2 $1 Nh7 $2 {Motylev misses a trick during time pressure.} ({Right is
} 35... Nxb3 36. Bxf6 gxf6) 36. Nd4 $1 {Giri will gain an exchange.} Qd7 ({Or} 
36... Qa6 37. Bh4 Nb7 38. Be4) 37. Qxd3 Nxg5 38. Rd1 Bc5 39. Nc6 Qxd3 40. Rxd3
Nxc6 41. Bxc6 Ne6 42. Rd7 Bb6 43. Bd5 Nd8 44. Re7 Kf8 45. Re4 a5 46. Kg2 g5 47.
Kf3 f6 48. h3 Bc7 49. Rc4 Bb6 50. Re4 Bc7 51. Re2 Be5 52. Ra2 Bc7 53. Rc2 {
Giri had scored two wins and two losses.} 1-0